Titre de SDM- Mort subite - Statistiques

Statistiques générales
  • Ce quiz a été pris 793 fois
  • Le résultat moyen est 7 sur 17
Answers on the Grid
Answers color-coded by a green-red scale on the quiz's grid according to % correct below.
Yakalelo
Full
Game
Calaboca
Premier rôle
Zoo
Mommy
Zone
92i
Passat
Mr.Ocho
Prince de la calle
Passat 2
Dis-moi
C'est puissant
Bénef
Pour lui
Compte sur moi
Run
Guitarisé
Clé
Roro
Mot final
Malentouré
Freestyle 8
Jack Daniels
Jeux d'Echecs
Toute la journée
Distant
Résaux
 
Statistiques - réponses
Réponse % Correct
Mr.Ocho
84%
Yakalelo
71%
Freestyle 8
68%
Prince de la calle
63%
Passat
58%
Jeux d'Echecs
56%
Malentouré
53%
Run
50%
92i
40%
Roro
39%
Dis-moi
26%
Calaboca
22%
Zone
20%
Compte sur moi
19%
Mot final
19%
Guitarisé
18%
Premier rôle
12%
Aucun quiz correspondant
Distribution des résultats
% des personnes avec chaque résultat
Percentile par nombre de réponses
Votre historique - résultats
Vous n’avez pas pris ce quiz